[Event "IECG CF.2006.0.00077 email"]
[Site "IECG email"]
[Date "2006.01.18"]
[Round "?"]
[White "Ershov, Alexander"]
[Black "Kleinnijenhuis, Marco"]
[Result "1-0"]
[WhiteElo "1000"]
[BlackElo "822"]
[PlyCount "71"]
[EventDate "2006.01.18"]
[EventType "tourn (corr)"]
[EventRounds "6"]
[SourceTitle "Corr 2008"]
[Source "ChessBase"]
[SourceDate "2008.06.24"]
[SourceVersion "1"]
[SourceVersionDate "2008.06.24"]
[SourceQuality "1"]

1. c4 Nf6 2. Nc3 c5 3. Nf3 b6 4. g3 Bb7 5. Bg2 g6 6. 0-0 Bg7 7. d4 cxd4 8. Qxd4 d6 9. Rd1 Nbd7 10. b3 Rc8 11. Bb2 0-0 12. Rac1 a6 13. Ne1 Bxg2 14. Nxg2 Ne5 15. Nd5 Nxd5 16. Qxd5 Qd7 17. Bd4 b5 18. Bxe5 Bxe5 19. Qxe5 bxc4 20. bxc4 Qa4 21. Qa1 Rxc4 22. Rxc4 Qxc4 23. Qb2 Rc8 24. Ne3 Qe4 25. Nd5 Rc5 26. Rd4 Qe5 27. e4 Rb5 28. Qd2 Rb1+ 29. Kg2 Kg7 30. Ra4 Rb2 31. Qc3 Qxc3 32. Nxc3 Rc2 33. Nd5 e6 34. Nb6 Kf6 35. Rxa6 Rc6 36. Nd7+ 1-0

[Event "IECG TE.2005.P.02016"]
[Site "IECG email"]
[Date "2005.12.19"]
[Round "?"]
[White "Klykow, Lukasz"]
[Black "Kleinnijenhuis, Marco"]
[Result "1-0"]
[WhiteElo "2168"]
[BlackElo "835"]
[PlyCount "65"]
[EventDate "2005.12.19"]
[EventType "tourn (corr)"]
[EventRounds "8"]
[SourceTitle "Corr 2008"]
[Source "ChessBase"]
[SourceDate "2008.06.24"]
[SourceVersion "1"]
[SourceVersionDate "2008.06.24"]
[SourceQuality "1"]

1. e4 e5 2. Nf3 Nc6 3. c3 Nf6 4. d4 d5 5. Bb5 exd4 6. e5 Ne4 7. Nxd4 Bd7 8. Bxc6 bxc6 9. 0-0 Be7 10. f3 Nc5 11. f4 0-0 12. Nd2 Ne6 13. f5 Nxd4 14. cxd4 Bg5 15. Nb3 Bxc1 16. Rxc1 Qg5 17. Rc3 f6 18. e6 Bc8 19. Rxc6 a5 20. Rxc7 Ba6 21. Rf3 Rac8 22. Ra7 Bc4 23. Rg3 Qxf5 24. Rgxg7+ Kh8 25. Nc5 Rxc5 26. Rxh7+ Qxh7 27. Rxh7+ Kxh7 28. dxc5 Rg8 29. Qh5+ Kg7 30. Qf7+ Kh8 31. c6 Rg7 32. Qf8+ Kh7 33. e7 1-0

[Event "IECG TE.2005.P.02016"]
[Site "IECG email"]
[Date "2005.12.19"]
[Round "?"]
[White "Wurm, Tamas"]
[Black "Kleinnijenhuis, Marco"]
[Result "1/2-1/2"]
[WhiteElo "1036"]
[BlackElo "835"]
[PlyCount "78"]
[EventDate "2005.12.19"]
[EventType "tourn (corr)"]
[EventRounds "8"]
[SourceTitle "Corr 2008"]
[Source "ChessBase"]
[SourceDate "2008.06.24"]
[SourceVersion "1"]
[SourceVersionDate "2008.06.24"]
[SourceQuality "1"]

1. e4 e5 2. Nf3 Nc6 3. c3 Nf6 4. d4 d5 5. exd5 Qxd5 6. Be2 exd4 7. 0-0 Bc5 8. cxd4 Bb6 9. Nc3 Qd7 10. Re1 0-0 11. Be3 Ng4 12. Bc4 Qf5 13. Na4 Nb4 14. Bb3 Be6 15. a3 Bxb3 16. Qxb3 Nc2 17. Rac1 Nxe1 18. Rxe1 Rad8 19. Nc5 Bxc5 20. dxc5 b6 21. cxb6 cxb6 22. h3 Nxe3 23. Qxe3 h6 24. Qc3 Rfe8 25. Rxe8+ Rxe8 26. Qc4 g5 27. Qc6 Rc8 28. Qd6 Qb1+ 29. Kh2 Qxb2 30. Qxh6 Qg7 31. Qd6 g4 32. Qd7 Rc3 33. hxg4 Rxa3 34. Qd8+ Kh7 35. Ng5+ Kh6 36. Nxf7+ Qxf7 37. Qd6+ Qg6 38. Qxa3 Qxg4 39. Qxa7 Qh5+ 1/2-1/2

[Event "CFriend CP-2005-P-00060"]
[Site "Chessfriend.com"]
[Date "2005.10.01"]
[Round "1"]
[White "Kleinnijenhuis, Marco"]
[Black "Bin Zahur, Nahim"]
[Result "1-0"]
[WhiteElo "835"]
[BlackElo "1000"]
[PlyCount "41"]
[EventDate "2005.??.??"]
[EventType "tourn (corr)"]
[EventRounds "6"]
[SourceTitle "Corr 2008"]
[Source "ChessBase"]
[SourceDate "2008.06.24"]
[SourceVersion "1"]
[SourceVersionDate "2008.06.24"]
[SourceQuality "1"]

1. e4 e5 2. Nf3 Nc6 3. Bc4 Bc5 4. c3 Nf6 5. d4 exd4 6. cxd4 Bb4+ 7. Nc3 Nxe4 8. 0-0 Bxc3 9. d5 Bf6 10. Re1 Ne7 11. Rxe4 d6 12. Bg5 Bxg5 13. Nxg5 h6 14. Qe2 hxg5 15. Re1 Be6 16. dxe6 f6 17. Re3 c6 18. Rh3 Rxh3 19. gxh3 g6 20. Bd3 Kf8 21. b4 1-0

[Event "CFriend CP-2005-P-00060"]
[Site "Chessfriend.com"]
[Date "2005.10.01"]
[Round "1"]
[White "Kleinnijenhuis, Marco"]
[Black "Raimbert, Ronald"]
[Result "0-1"]
[WhiteElo "835"]
[BlackElo "2458"]
[PlyCount "44"]
[EventDate "2005.??.??"]
[EventType "tourn (corr)"]
[EventRounds "6"]
[SourceTitle "Corr 2008"]
[Source "ChessBase"]
[SourceDate "2008.06.24"]
[SourceVersion "1"]
[SourceVersionDate "2008.06.24"]
[SourceQuality "1"]

1. e4 e5 2. Nf3 Nc6 3. Bc4 Bc5 4. c3 Nf6 5. d3 d6 6. b4 Bb6 7. a4 a6 8. 0-0 0-0 9. Nbd2 Be6 10. Ba3 Ne7 11. Bxe6 fxe6 12. Qb3 Qd7 13. b5 Ng6 14. Rfd1 axb5 15. axb5 Qe8 16. Nc4 Nd7 17. Nxb6 Nxb6 18. c4 Rxf3 19. c5 Nf4 20. Ra2 Qh5 21. cxb6 Rh3 22. gxh3 Qf3 0-1

[Event "IECG QN.2005.0.00367"]
[Site "IECG email"]
[Date "2005.08.13"]
[Round "?"]
[White "Kleinnijenhuis, Marco"]
[Black "Tobey, Al E"]
[Result "1-0"]
[WhiteElo "800"]
[BlackElo "600"]
[PlyCount "93"]
[EventDate "2005.08.13"]
[EventType "tourn (corr)"]
[EventRounds "6"]
[SourceTitle "Corr 2008"]
[Source "ChessBase"]
[SourceDate "2008.06.24"]
[SourceVersion "1"]
[SourceVersionDate "2008.06.24"]
[SourceQuality "1"]

1. e4 e5 2. Nf3 Nc6 3. Bc4 h6 4. d4 d6 5. d5 Na5 6. Be2 b6 7. b4 Nb7 8. 0-0 Be7 9. h3 Nf6 10. Nc3 0-0 11. Be3 a5 12. a3 Nh7 13. Qd2 Bd7 14. Rfb1 f5 15. exf5 Bxf5 16. Bb5 e4 17. Nd4 Bd7 18. Bxd7 Qxd7 19. Nxe4 Nf6 20. Nxf6+ Bxf6 21. c3 c5 22. bxc5 bxc5 23. Ne6 Rfb8 24. Re1 a4 25. g4 Na5 26. Qd3 c4 27. Qe4 Bxc3 28. g5 Qe7 29. gxh6 Bxa1 30. h7+ Kh8 31. Rxa1 g6 32. Qd4+ Kxh7 33. Ng5+ Kg8 34. Qh4 Nb3 35. Rd1 c3 36. Bc1 c2 37. Rf1 Nd4 38. Qxd4 Qe5 39. Qd3 Rc8 40. Qxg6+ Qg7 41. Qe6+ Kf8 42. Qxd6+ Kg8 43. Kh1 Rd8 44. Qe6+ Kf8 45. Rg1 Rab8 46. Qf5+ Ke8 47. Ne6 1-0

[Event "IECG TE.2005.P.01929"]
[Site "IECG email"]
[Date "2005.06.19"]
[Round "?"]
[White "Kleinnijenhuis, Marco"]
[Black "O'Brien, Glenn"]
[Result "0-1"]
[WhiteElo "800"]
[BlackElo "800"]
[PlyCount "50"]
[EventDate "2005.06.19"]
[EventType "tourn (corr)"]
[EventRounds "8"]
[SourceTitle "Corr 2008"]
[Source "ChessBase"]
[SourceDate "2008.06.24"]
[SourceVersion "1"]
[SourceVersionDate "2008.06.24"]
[SourceQuality "1"]

1. d4 d5 2. e4 dxe4 3. c4 e5 4. d5 Nf6 5. Nc3 Na6 6. f3 Bb4 7. a3 Bxc3+ 8. bxc3 0-0 9. fxe4 Nxe4 10. g3 c6 11. Nf3 Nxc3 12. Qc2 Nxd5 13. cxd5 Qxd5 14. Be2 e4 15. Ng5 h6 16. Bc4 Qa5+ 17. Bd2 Qe5 18. 0-0 hxg5 19. Bc3 Qc5+ 20. Kh1 Qxc4 21. Rfe1 Nc5 22. Re3 Rd8 23. Rc1 Rd3 24. Rce1 Rxe3 25. Rxe3 Qf1# 0-1

[Event "IECG TE.2005.P.01929"]
[Site "IECG email"]
[Date "2005.06.19"]
[Round "?"]
[White "Pagano, Marcelo Rafael"]
[Black "Kleinnijenhuis, Marco"]
[Result "1-0"]
[WhiteElo "1950"]
[BlackElo "800"]
[PlyCount "33"]
[EventDate "2005.06.19"]
[EventType "tourn (corr)"]
[EventRounds "8"]
[SourceTitle "Corr 2008"]
[Source "ChessBase"]
[SourceDate "2008.06.24"]
[SourceVersion "1"]
[SourceVersionDate "2008.06.24"]
[SourceQuality "1"]

1. d4 d5 2. e4 dxe4 3. c4 g6 4. Nc3 f5 5. Be3 Bg7 6. Nge2 Nc6 7. d5 Ne5 8. Nf4 Bd7 9. Be2 c6 10. Qb3 Qc7 11. Na4 Nxc4 12. Bxc4 b5 13. dxc6 bxa4 14. cxd7+ Qxd7 15. Bf7+ Kd8 16. Ne6+ Qxe6 17. Qxe6 1-0

[Event "IECG QN.2005.0.00355 email"]
[Site "IECG email"]
[Date "2005.04.07"]
[Round "?"]
[White "Hendershot, Paul"]
[Black "Kleinnijenhuis, Marco"]
[Result "1-0"]
[WhiteElo "745"]
[BlackElo "800"]
[PlyCount "83"]
[EventDate "2005.04.07"]
[EventType "tourn (corr)"]
[EventRounds "6"]
[SourceTitle "Corr 2008"]
[Source "ChessBase"]
[SourceDate "2008.06.24"]
[SourceVersion "1"]
[SourceVersionDate "2008.06.24"]
[SourceQuality "1"]

1. e4 e5 2. d3 Nf6 3. Nf3 Nc6 4. Be2 d5 5. Nbd2 Bc5 6. 0-0 0-0 7. c3 Re8 8. b4 Bd6 9. b5 Ne7 10. c4 dxe4 11. dxe4 a6 12. a4 axb5 13. cxb5 c6 14. bxc6 bxc6 15. Bc4 Ng6 16. Qb3 Be6 17. Bxe6 fxe6 18. Ng5 Qe7 19. Nc4 h6 20. Nf3 Nxe4 21. Qd3 Qf6 22. Qxe4 Bb4 23. Nb6 Rad8 24. Qxb4 Rd3 25. Bb2 Nf4 26. Nxe5 Qg5 27. g3 Rf8 28. Nxd3 Nxd3 29. Qc3 Nf4 30. Kh1 Nh3 31. f4 Qg4 32. a5 Rf7 33. Qxc6 Qe2 34. Qg2 Qb5 35. Be5 Nxf4 36. gxf4 g5 37. h4 Qc5 38. hxg5 h5 39. g6 Ra7 40. Rac1 Qf8 41. Qg5 Rxa5 42. Qxh5 1-0